000 00699nam0a22002411 4500
001 rc\2938994
005 20250529231936.0
035 _a(NLR Aleph) 007087894
090 _a6543615
_c6543615
100 _a20110824d1938 |||y0rusy50 ca
101 0 _arus
102 _aRU
105 _ay z |||||
200 1 _aСборник статей для чтения по немецкому языку
_fСост. препод. Матвеева, З.М.
210 _aМосква
_cМАИ
_d1938
215 _a43 с.
300 _aБез тит. л.
700 1 _aМатвеева
_bЗ.М.
801 0 _aRU
_bNLR
_gpsbo
801 1 _aRU
_bELAR
_2rusmarc
852 _aNLR
_j95-7/729
942 _cBOOK
980 _aNB